| 000 | 01045cam a22003377a 4500 | ||
|---|---|---|---|
| 003 | CHAP | ||
| 005 | 20220817044052.0 | ||
| 008 | 051105d2005 it r 00110 eng d | ||
| 010 | _a91496 | ||
| 011 | _a92468 | ||
| 020 | _a9251052905 | ||
| 035 | _a103032 | ||
| 040 | _cCHAP | ||
| 090 | _aFolleto 17027 | ||
| 110 | 2 | _aFAO | |
| 245 | 1 | 0 |
_aStatus pf research and application of crop biotechnologies in developing countries : _bpreliminary assessment _c/by Z. Dhlamini [and others] |
| 260 |
_aRome : _bFAO, _c2005. |
||
| 300 | _a53 p. | ||
| 590 |
_aBATCH-UPD _b10 _c20130110 _lUCH01 _h0446 |
||
| 590 |
_aBATCH-UPD _b10 _c20130410 _lUCH01 _h0122 |
||
| 590 |
_aBATCH-UPD _b10 _c20130914 _lUCH01 _h0641 |
||
| 590 |
_aCONVERSION _b10 _c20130109 _lUCH01 _h1351 |
||
| 650 | 1 | 4 |
_aBiotecnología. _912878 |
| 650 | 1 | 4 |
_aMarcadores genéticos. _971249 |
| 650 | 1 | 4 |
_aMicropropagación. _975532 |
| 700 | 0 |
_aDhlamini, Z. _932372 |
|
| 901 | _aBK | ||
| 905 | _aLilia | ||
| 942 | _cFOLL | ||
| 949 |
_aFolleto 17027 _bBC _cFAO _d33724000970265 _eFAO1 _gD _i103032 _sb |
||
| 999 |
_c91496 _d91496 |
||